000 00605nam a2200193 a 4500
001 000047036
005 20201002053314.0
008 180412s2015 dr a 000 0 spa d
020 _a9789945123302
040 _aDO-SdBNP
_bspa
_cBNPHU
082 _axxxx
_bR457c
100 1 _aReyes Báez, Yanett
_974890
245 1 0 _aCiencias de la naturaleza 1 :
_bnivel primario /
_cYanett Reyes Báez.
260 _aSanto Domingo :
_bSusaeta,
_c2015.
300 _a144 p. :
_bil ;
_c29 cm.
500 _aEnfoque por competencias nuevo currículo
504 _aBibliografía : p. 144
590 _aInventariado, 2018/LP
999 _c46524
_d46524